00842nam a2200265 a 450000100060000000300080000600500170001400800410003103500190007204000270009104100080011808200300012624500670015626000380022330000250026149000300028650000510031650400530036750500110042065000150043165000240044670000230047070000350049383000480052870300BD-RjUL20211209082002.0170417s1965 nyua b 001 0 eng  a(BD-RjUL)70514 aDLCcDLCdBD-RjULbeng aeng00a547.23223bOXI Pt-A 196500aOxidation in organic chemistry /cedited by Kenneth B. Wiberg. aNew York :bAcademic Press,c1965 apt :bill. ;c24 cm.1 aOrganic chemistry ;vv. 5 aPts. B- edited by Walter S. Trahanovsky. aIncludes bibliographical references and indexes.0 apt.A-- 0aOxidation. 0aChemistry, Organic.1 aWiberg, Kenneth B.1 aTrahanovsky, Walter S.,d1938- 0aOrganic chemistry (New York, N.Y.) ;vv. 5.